| 000 | 00762nam a22002297a 4500 | ||
|---|---|---|---|
| 005 | 20240323115309.0 | ||
| 008 | 240318b ||||| |||| 00| 0 eng d | ||
| 020 | _a9789354641633 | ||
| 040 | _cAL | ||
| 041 | _aeng | ||
| 082 |
_223 _a574.80285 _bPEVB |
||
| 100 |
_aJonathan Pevsner _9155157 |
||
| 245 | _aBioinformatics and functional genomics | ||
| 250 | _a3rd ed. | ||
| 260 |
_aNew Delhi _bWiley _c2022 |
||
| 300 |
_axxx,1050p. _b28x21cm. _cPB |
||
| 365 |
_2General _aVBI-2020 _b₹2996.25 _c₹ _d₹3995.00 _e25% _f16/01/2024 |
||
| 520 | _aAnalyzing DNA,RNA,and Protein Sequences; Genome wide Analysis of DNA,RNA,and Protein; Genome Analysis. | ||
| 650 |
_2Biology _aBioinformatics _9155158 |
||
| 700 |
_aKumar, Aditya; et al. _9155159 |
||
| 942 |
_2ddc _cBK |
||
| 999 |
_c230485 _d230485 |
||